000 00305nam a22001337a 4500
008 170904b xxu||||| |||| 00| 0 eng d
020 _a2900205317195
041 _aeng
080 _22ND
_a070
100 _a 40
101 _aMED
245 _aESSENTIALS OF PUBLIC SPEAKING
_cWEAVER,R.L
942 _2udc
_cBK
999 _c25939
_d25939